Qualitative research methods for media studies (Record no. 397278)

MARC details
000 -LEADER
fixed length control field 00569 a2200217 4500
005 - DATE & TIME
control field 20260430144325.0
008 - FIXED-LENGTH DATA ELEMENTS--GENERAL INFORMATION
fixed length control field 260430b |||||||| |||| 00| 0 eng d
020 ## - ISBN
International Standard Book Number 9781032600710
Price £ 60.99
040 ## - CATALOGING SOURCE
Original cataloging agency VIVEKANANDA LIBRARY
082 ## - DDC NUMBER
Classification number 302.23072
Book Number B751Q(4)
100 ## - MAIN ENTRY--PERSONAL NAME
Personal name Brennen, Bonnie S
245 ## - TITLE STATEMENT
Title Qualitative research methods for media studies
250 ## - EDITION STATEMENT
Edition statement 4th
260 ## - PUBLICATION, DISTRIBUTION, ETC. (IMPRINT)
Name of publisher, distributor, etc Routledge
Date of publication, distribution, etc 2025
Place of publication, distribution, etc New York
300 ## - PHYSICAL DESCRIPTION
Pages 283
650 ## - Subject
Subject Mass Media- Research
650 ## - Subject
Subject Qualitative Research
650 ## - Subject
Subject Media Studies
650 ## - Subject
Subject Social Science
942 ## - ADDED ENTRY ELEMENTS (KOHA)
Koha item type Books
Holdings
Withdrawn status Lost status Source of classification or shelving scheme Damaged status Not for loan Location (home branch) Sublocation or collection (holding branch) Shelving location Date acquired Koha issues (times borrowed) Koha full call number Accession No. Koha date last seen Koha item type
    Dewey Decimal Classification     VIVEKANANDA LIBRARY VIVEKANANDA LIBRARY Vivekananda Library 01/04/2026   302.23072 B751Q(4) 450098 01/04/2026 Books
© Designed and Maintained by Vivekananda Library, MDU Rohtak